Yerel seçimler (Record no. 6520)

MARC details
000 -BAŞLIK
Sabit Uzunlukta Kontrol Alanı 00865na a2200277 4500
001 - KONTROL NUMARASI
Denetim Alanı 19869
003 - KONTROL NUMARASI IDENTIFIER
Denetim Alanı MIRAKIL
005 - SON İŞLEM TARİHİ VE ZAMANI
Denetim Alanı 20181213155110.0
008 - SABİT-BOY VERİ ELEMANLARI - GENEL BİLGİLER
Sabit Uzunlukta Kontrol Alanı 161228b tu 000 0
020 ## - ULUSLARARASI STANDART KİTAP NUMARASI
Uluslararası Standart Kitap Numarası 9757135437
040 ## - KATALOGLAMA KAYNAK
Orijinal Kataloglama Ajansı Milas
Kataloglama Dili tur
Metne Dönüştürmek Ajansı TR-AnCHP
041 ## - DİL KODU
Metin / Ses Parça Veya Ayrı Başlığın Dil Kodu tur
082 ## - DEWEY ONLU SINIFLANDIRMA NUMARASI
Sınıflandırma Numarası 324.64956413
Ürün Numarası K29y 2004
090 ## - SINIFLAMA NUMARASI
Sınıflama Numarası 324.64956413 K29y 2004
100 ## - ANA GİRİŞ - KİŞİSEL İSİM
Kişisel Ad Kaya, Kamil
245 ## - BAŞLIK TABLOSU
Başlık Yerel seçimler
Başlığın Kalan seçmen davranışını etkileyen faktörler (Isparta örneği)
Sorumluluk Tablosu, Vb Kamil Kaya
246 ## - UNVAN FORM VARYING
Başlık Doğru / Kısa Başlığı Seçmen davranışını etkileyen faktörler
260 ## - YAYIN, DAĞITIM, VB
Yayın, Dağıtım, Vb Yeri Isparta
Yayıncı, Dağıtıcı, Vs Adı Fakülte Kitabevi Yayınları
Yayın, Dağıtım, Vb Tarihi 2004
300 ## - FİZİKSEL TANIM
Kapsam 165 s.
Diğer Fiziksel Ayrıntıları tbl.
Boyutlar 20 sm.
440 ## - SERİSİ TABLOSU / KATMA GİRİŞİ - BAŞLIK
Başlık Fakülte Kitabevi Yayınları
Hacim / Ardışık Tanımı 51
490 ## - SERİSİ TABLOSU
Seri Beyanı Sosyoloji dizisi
Hacim / Ardışık Tanımı 8
504 ## - KAYNAKÇA VB NOT
Kaynakça Vb Notu Kaynakça var.
650 ## - KONU KATMA GİRİŞ - TOPİKAL DÖNEM
Topikal Süreli Veya Coğrafi Ad Giriş Elemanı Seçmenler
Coğrafi Alt Bölümü Isparta
650 ## - KONU KATMA GİRİŞ - TOPİKAL DÖNEM
Topikal Süreli Veya Coğrafi Ad Giriş Elemanı Yerel seçimler
Genel Alt Bölümü Seçmen davranışı
942 ## - EKLENDİ GİRİŞ ELEMANLARI (KOHA)
Sınıflandırma Veya Raf Düzeni Kaynak Dewey Decimal Classification
Koha Öğesi Türü Books
999 ## - SİSTEM KONTROL NUMARALARI (KOHA)
Koha Biblionumber 6520
Koha Biblioitemnumber 6520
Holdings
Kalıcı Konum Mevcut Konum Edinme Tarihi Edinim Kaynak Toplam Check-Out'Lar Tam Çağrı Numarası Barkod Tarih Son Görülme İtibaren Geçerli Fiyatlar Koha Öğesi Türü
CHP Kütüphanesi CHP Kütüphanesi 12/28/2016 Bağış   324.64956413 K29y 2004 010337 12/28/2016 12/28/2016 Books